000 00707nam a2200229 a 4500
003 DO-SdBNP
005 20240412074309.0
007 ta
008 220517e2021 dr ||||er|||| 001 jdspa d
020 _a9789945221541
040 _aDO-SdBNP
_bspa
_cBNPHU
082 4 _222
_bB422u
245 1 0 _aUn libro para Yoko Ono /
_cLuis Beiro Álvares.
260 _aSanto Domingo :
_bBúho,
_c2021
300 _a97 p. ;
_c20 cm.
500 _aIncluye datos biográficos del autor en la solapa de la cubierta.
590 _aInventariado 2022 / MF
650 0 _aLiteratura dominicana.
_zRepública Dominicana
_967
650 4 _910852
_aCuentos Dominicanos
_xHistoria y Crítica
910 _aMFeliz
942 _2ddc
_cLBS1
999 _c51736
_d51736